Ways the World Could End Quiz Stats

 Plays Quiz Retired Jul 7, 2021

Support Sporcle.
Go Orange.
Score 0/20 Timer 08:00
0 Plays Today
Type Scenario % Correct
Willful self-destructionGlobal war
84.6%
Natural disasterAsteroid impact
69.5%
Human-triggered disasterGlobal warming
61%
A greater force is directed against usAlien invasion
54.5%
A greater force is directed against usDivine intervention
53.4%
Natural disasterFlood-basalt volcanism
49.5%
Natural disasterGlobal epidemics
38.5%
Natural disasterRogue black holes
22.5%
Human-triggered disasterBiotechnology disaster
15.6%
Human-triggered disasterEnvironmental toxins
15.4%
Type Scenario % Correct
Willful self-destructionMass insanity
12.9%
Willful self-destructionRobots take over
12.2%
Natural disasterGiant solar flares
11.5%
Natural disasterGamma ray burst
5.3%
A greater force is directed against usSomeone wakes up and realizes it was all a dream
4.6%
Human-triggered disasterNanotechnology disaster
3.7%
Human-triggered disasterParticle accelerator mishap
3.5%
Natural disasterReversal of Earth's magnetic field
2.9%
Human-triggered disasterEcosystem collapse
2.4%
Natural disasterCollapse of the vacuum
1.9%

You're not logged in!

Compare scores with friends on all Sporcle quizzes.
OR
Log In
Forgot?

From the Vault

US Government Last Five

by sjunkins

History 8m
These folks more or less controlled the country, seems like we should know their names.
Remove Ads.
Support Sporcle.
Get the best of Sporcle when you Go Orange. This ad-free experience offers more features, more stats, and more fun while also helping to support Sporcle. Thank you for becoming a member.

Show Comments

Extras

Top Quizzes Today


Score Distribution

Your Account Isn't Verified!

In order to create a playlist on Sporcle, you need to verify the email address you used during registration. Go to your Sporcle Settings to finish the process.

Report this User

Report this user for behavior that violates our Community Guidelines.

Details: